Muslim Communities in Gujarat (Record no. 11245)

MARC details
000 -LEADER
fixed length control field 00598nam a2200241 a 4500
020 ## - INTERNATIONAL STANDARD BOOK NUMBER
ISBN
082 00 - DEWEY DECIMAL CLASSIFICATION NUMBER
Classification number 305.629705482
Author Cutter MIS
100 ## - MAIN ENTRY--AUTHOR NAME
Author name Misra, Satish C
245 ## - TITLE STATEMENT
Title Muslim Communities in Gujarat
260 ## - PUBLICATION, DISTRIBUTION, ETC. (IMPRINT)
Place of publication Delhi
Name of publisher Munshiram Manoharlal Pub
Year of publication 1985
300 ## - PHYSICAL DESCRIPTION
Number of Pages 207p
500 ## - GENERAL NOTE
General note includes index and biblioraphy
505 2# - FORMATTED CONTENTS NOTE
Formatted contents note Appendix
650 ## - SUBJECT ADDED ENTRY--TOPICAL TERM
Topical Term Muslims-India-Gujrat
942 ## - ADDED ENTRY ELEMENTS (KOHA)
Koha item type Books
700 1# -
-- Misra, Satish C
Holdings
Collection code Home library Current library Date acquired Cost, normal purchase price Full call number Accession Number Koha item type
  Henry Martyn Institute Library Henry Martyn Institute Library 03/28/2007 200.00 305.629705482 MIS 018575 Books
                   Copyright © 2026 | Henry Martyn Institute | Hyderabad | TS-500052 | INDIA | Implemented by hmi.edu.in
Hit-Count:

Powered by Koha